000 00451nam a2200181Ia 4500
001 44561
008 140428s9999 xx 000 0 und d
020 _aNA
040 _cPK-LaUMT
082 _aRHC 891.7003
_bCHE-T
100 _aCheekhof, Anton
245 _aTeen saal (Urdu)
_cCheekhof, Anton
260 _aMosco,Russia:
_bPardaisi Zabanu ka Ashaat Ghar,
_cNA
300 _a255 p.
546 _aUR
650 _aLiterature-Russian
942 _cBK
999 _c42552
_d42552